000 00471 a2200205 4500
001 109103
020 _a9788539401451
041 _apor
090 _aP Year1 591
100 _aAllen, Judy.
250 _a. ed.
697 _aanimais.
697 _aAbrigo natural.
697 _aHabitat.
856 _u000007/00000733.jpg
040 _aBR-BrIDEA
_cBR-BrIDEA
245 1 0 _aAnimais e suas moradias
_c Judy Allen
260 _a[S.l.]
_bGirassol
_c2010
942 _cBK
999 _c109103
_d109103